00828nam a2200253 a 4500001000400000003001000004005001700014008004100031020001800072040002500090080001700115090001800132100003400150245009700184250001300281260004000294300002000334650002300354650002100377650002900398942001200427952012200439999001300561886BR-CuiBMT20231212143716.0231122s2011 prb 000 0 por d a9788580920000 aBR-CuiBMTcBR-CuiBMT a340.1222007 a340.12bC672f1 aCoelho, Luiz Fernando,d1939-10aFumaça do bom direito :bensaios de filosofia e teoria do direito /cLuiz Fernando Coelho. a[1. ed.] aCuritiba :bBonijuris :bJM,c2011. a320 p. ;c23 cm aDireitoxFilosofia aDireitoxÉtica aDireitoxEstudo e ensino 2udccLV 00102udc4070aBIBTCEMTbBIBTCEMTd2023-11-22l0o340.12 C672fpBIBTCEMT23110867r2023-11-22tEx. 1w2023-11-22yLV c886d886